Álbum artístico de la Gaceta de Fomento : (Record no. 21562)
[ view plain ]
| 000 -LEADER | |
|---|---|
| campo de control de longitud fija | 00989nam a2200265 i 4500 |
| 001 - NÚMERO DE CONTROL | |
| campo de control | 21562 |
| 003 - IDENTIFICADOR DE NÚMERO DE CONTROL | |
| campo de control | ES-MaACL |
| 005 - FECHA Y HORA DE LA ÚLTIMA TRANSACCIÓN | |
| campo de control | 20250825062641.0 |
| 007 - CAMPO FIJO DE DESCRIPCIÓN FÍSICA--INFORMACIÓN GENERAL | |
| campo de control de longitud fija | t| |
| 008 - DATOS DE LONGITUD FIJA--INFORMACIÓN GENERAL | |
| campo de control de longitud fija | 021126s1886 sp a |||| | spa d |
| 040 ## - FUENTE DE CATALOGACIÓN | |
| Centro/agencia transcriptor | ES-MaACL |
| 245 00 - MENCIÓN DEL TÍTULO | |
| Título | Álbum artístico de la Gaceta de Fomento : |
| Resto del título | regalo a nuestros suscriptores. |
| 260 ## - PUBLICACIÓN, DISTRIBUCIÓN, ETC. | |
| Lugar de publicación, distribución, etc. | Madrid : |
| Nombre del editor, distribuidor, etc. | Gaceta de Fomento, |
| Fecha de publicación, distribución, etc. | 1886 |
| Fabricante | (M. Minuesa de los Ríos) |
| 300 ## - DESCRIPCIÓN FÍSICA | |
| Extensión | 80 páginas : |
| Otras características físicas | ilustraciones (blanco y negro) ; |
| Dimensiones | 35 cm. |
| 530 ## - NOTA DISPONIBLE DE FORMULARIO FÍSICO ADICIONAL | |
| Nota de formato físico adicional disponible | Disponible en formato digital |
| 594 ## - NOTA AL TITULO Y MENCION DE RESPONSABILIDAD | |
| Nota | Director, José Lon y Albareda |
| 597 ## - NOTA A LA DESCRIPCION FISICA | |
| Nota | Texto a 3 columnas |
| 655 #7 - TERMINO DE INDIZACIÓN--GENERO/FORMA | |
| Datos o término principal de género/forma | Libros ilustrados |
| Fuente del término | tgfbne |
| 9 (RLIN) | 193653 |
| 700 1# - ENTRADA AGREGADA--NOMBRE PERSONAL | |
| Nombre de persona | Lon y Albareda, José. |
| 9 (RLIN) | 73209 |
| Término indicativo de función/relación | Director de publicación |
| 852 ## - LOCALIZACIÓN | |
| Ubicación | ES-MaACL |
| Ubicación en estantería | Depósito folletos |
| Número de control de estantería | T-501-F-17 |
| 856 ## - LOCALIZACIÓN Y ACCESO ELECTRÓNICOS | |
| Identificador Uniforme de Recursos | <a href="https://bvpb.mcu.es/es/consulta/registro.do?id=577724">https://bvpb.mcu.es/es/consulta/registro.do?id=577724</a> |
| Texto de enlace | Versión en línea |
| Nota pública | (Biblioteca Virtual del Patrimonio Bibliográfico) |
| 942 ## - ELEMENTOS DE ENTRADA SECUNDARIOS (KOHA) | |
| Tipo de ítem Koha | Libro impreso antiguo |
| Suprimir en OPAC | No |
| Estatus retirado | Estado de pérdida | Fuente del sistema de clasificación o colocación | Estado de daño | No para préstamo | Colección | Biblioteca de origen | Biblioteca actual | Ubicación en estantería | Fecha de adquisición | Total de préstamos | Signatura topográfica completa | Código de barras | Visto por última vez | Precio de reemplazo | Tipo de ítem Koha |
|---|---|---|---|---|---|---|---|---|---|---|---|---|---|---|---|
| Clasificación decimal universal | Colección digital | Biblioteca del Ateneo de Madrid | Biblioteca del Ateneo de Madrid | Depósito folletos | 17/01/2008 | T-501-F-17 | 1022160 | 23/02/2023 | 23/02/2023 | Folleto |
